| 000 -LEADER |
| fixed length control field |
00675cam a22002297a 4500 |
| 020 ## - INTERNATIONAL STANDARD BOOK NUMBER |
| ISBN |
905823021X |
| 040 ## - CATALOGING SOURCE |
| Transcribing agency |
NLM |
| 082 00 - DEWEY DECIMAL CLASSIFICATION NUMBER |
| Classification number |
612 HAR 2000 A046 Or. |
| 245 00 - TITLE STATEMENT |
| Title |
Complex brain functions : |
| Remainder of title |
conceptual advances in Russian neuroscience / |
| 260 ## - PUBLICATION, DISTRIBUTION, ETC. (IMPRINT) |
| Place of publication |
Amsterdam, Netherlands : |
| Name of publisher |
Harwood Academic, |
| Year of publication |
c2000. |
| 300 ## - PHYSICAL DESCRIPTION |
| Number of Pages |
xvi, 334 p. : |
| Other physical details |
ill. ; |
| Dimensions |
26 cm. |
| 650 #0 - SUBJECT ADDED ENTRY--TOPICAL TERM |
| Topical Term |
Neurosciences |
| 650 #0 - SUBJECT ADDED ENTRY--TOPICAL TERM |
| Topical Term |
Brain |
| 650 12 - SUBJECT ADDED ENTRY--TOPICAL TERM |
| Topical Term |
Neurosciences |
| 650 22 - SUBJECT ADDED ENTRY--TOPICAL TERM |
| Topical Term |
Brain |
| 650 22 - SUBJECT ADDED ENTRY--TOPICAL TERM |
| Topical Term |
Research |
| 700 1# - ADDED ENTRY--PERSONAL NAME |
| Personal name |
Miller, Robert, |
| 700 1# - ADDED ENTRY--PERSONAL NAME |
| Personal name |
Ivanit︠s︡kiĭ, A. M. |
| 700 1# - ADDED ENTRY--PERSONAL NAME |
| Personal name |
Balaban, P. M. |
| 856 42 - ELECTRONIC LOCATION AND ACCESS |
| Uniform Resource Identifier |
http://www.loc.gov/catdir/enhancements/fy0745/2002421309-d.html |
| 942 ## - ADDED ENTRY ELEMENTS (KOHA) |
| Koha item type |
សៀវភៅភាសាអង់គ្លេស |
| 952 ## - LOCATION AND ITEM INFORMATION (KOHA) |
| Withdrawn status [LOCAL, KOHA] |
0 |